| 000 | 00684nam a22002297a 4500 | ||
|---|---|---|---|
| 005 | 20170124110100.0 | ||
| 010 | _a496819 | ||
| 020 | _c25.00 | ||
| 035 | _a496819 | ||
| 037 | _bCen Lib/Ret | ||
| 040 |
_aDPL _bEN |
||
| 082 |
_a954.51 _bBAR |
||
| 100 |
_aBareh, Hamlet _927043 |
||
| 245 |
_aThe history and culture of the khasi people / _cby Hamlet Bareh |
||
| 260 |
_bHamlet Bareh _aCalcutta _c1967 |
||
| 270 | _bCalcutta | ||
| 300 |
_av, 485p. _c21cm(Hb) |
||
| 500 | _aIncludes bibliographical references and index | ||
| 650 |
_aHistory--Khasi people _974008 |
||
| 650 |
_aCulture and civilization--history _974009 |
||
| 942 |
_2ddc _cEN _h954.51 _mBAR |
||
| 999 |
_c129658 _d129658 |
||